| LEADER 00000nam 2200000uu 4500 |
| 001 211834 |
| 003 ULIBM |
| 008 020711s2560 th a 000 0 tha d |
| 020 9786163958130
|
| 041 ^atha^beng
|
| 050 4 อ LB2362.T5 ก752 2560
|
| 245 เกณฑ์มาตรฐานหลักสูตรระดับอุดมศึกษา พ.ศ.2558 และเกณฑ์มาตรฐานที่เกี่ยวข้อง/^cสำนักมาตรฐานและประเมินผลอุดมศึกษา สำนักงานคณะกรรมการการอุดมศึกษา กระทรวงสาธารณสุข
|
| 250 พิมพ์ครั้งที่ 1
|
| 260 กรุงเทพฯ :^bสำนักมาตรฐานและประเมินผลอุดมศึกษา สำนักงานคณะกรรมการการอุดมศึกษา กระทรวงศึกษาธิการ,^c2560
|
| 300 141 หน้า :^bภาพประกอบ ;^c21 ซม.
|
| 650 4 การศึกษาขั้นอุดมศึกษา^zไทย^xหลักสูตร
|
| 650 4 ^aการศึกษา^xหลักสูตร
|
| 650 4 ^aการวางแผนหลักสูตร
|
| 710 2 ^aกระทรวงศึกษาธิการ. สำนักงานคณะกรรมการการอุดมศึกษา. สำนักมาตรฐานและประเมินผลอุดมศึกษา
|
| 856 ^zเกณฑ์มาตรฐานหลักสูตรระดับอุดมศึกษา.pdf (สารบัญหนังสือ)^uhttp://110.164.94.213/ULIB62015//_fulltext/5/211834/20171224124059_2687.pdf |
| 999 ^aใช้งานได้ทุกระบบ
|